Dos siglos de México / (Record no. 10496)

MARC details
000 -LEADER
fixed length control field 00588nam a22001937a 4500
005 - DATE AND TIME OF LATEST TRANSACTION
control field 20150124121741.0
008 - FIXED-LENGTH DATA ELEMENTS--GENERAL INFORMATION
fixed length control field 110706t mx||||| |||| 00| 0 spa d
020 ## - INTERNATIONAL STANDARD BOOK NUMBER
International Standard Book Number 9786070302190
050 04 - LIBRARY OF CONGRESS CALL NUMBER
Classification number F1223
Item number G35 2010
100 1# - MAIN ENTRY--PERSONAL NAME
Personal name Galeana, Patricia
245 10 - TITLE STATEMENT
Title Dos siglos de México /
Statement of responsibility, etc Patricia Galena, Gloria Villegas.
250 ## - EDITION STATEMENT
Edition statement 1a ed.
260 ## - PUBLICATION, DISTRIBUTION, ETC. (IMPRINT)
Place of publication, distribution, etc México :
Name of publisher, distributor, etc Senado de la República : Siglo xxi,
Date of publication, distribution, etc 2010
300 ## - PHYSICAL DESCRIPTION
Extent x, 563 p. ;
Dimensions 23 cm.
504 ## - BIBLIOGRAPHY, ETC. NOTE
Bibliography, etc Incluye índice
651 ## - SUBJECT ADDED ENTRY--GEOGRAPHIC NAME
Geographic name México
General subdivision Historia, cronologia
700 1# - ADDED ENTRY--PERSONAL NAME
Personal name Villegas, Gloria,
Relator term coaut.
942 ## - ADDED ENTRY ELEMENTS (KOHA)
Source of classification or shelving scheme Clasificación Decimal Dewey
Koha item type Libro
Holdings
Estado de pérdida Fuente de clasificación Estado del daño No para préstamo Ubicación permanente Ubicación actual Apartado o colección Fecha de adquisición Clasificación Código de Barras Date last seen Número de copia Tipo de recurso Nota pública
  Biblioteca del Cogreso de los Estados Unidos     Biblioteca de la Unidad de Ciencias Ingeniería y Humanidades Biblioteca de la Unidad de Ciencias Ingeniería y Humanidades General 06/07/2011 F1223 G35 2010 BCU000016226 16/01/2015 C : 1 Libro Romero